| 000 | 00535nam a22001577a 4500 | ||
|---|---|---|---|
| 003 | 0 | ||
| 005 | 20220816132452.0 | ||
| 008 | 220816b xxu||||| |||| 00| 0 eng d | ||
| 020 | _a978-0-367-55656-3 | ||
| 050 |
_aRJ505 _b.M45 2022 |
||
| 245 |
_aImplementing play therapy with groups: contemporary issues in practice _cClair Mellenthin; Jessica Stone; Robert Jason Grant |
||
| 260 |
_aNew York _bRoutledge _cC2022 |
||
| 300 |
_axiv,244pp. _c23cm. _eIncludes references and index. _fBook |
||
| 500 | _aGroup play therapy. | ||
| 942 |
_2lcc _cBK |
||
| 999 |
_c364782 _d364782 |
||